| 000 | 00944nam a2200253Ia 4500 | ||
|---|---|---|---|
| 003 | OSt | ||
| 005 | 20220923211133.0 | ||
| 006 | a|||||r|||| 00| 0 | ||
| 007 | ta | ||
| 008 | 220922b |||||||| |||| 00| 0 hin d | ||
| 020 |
_a8185469806 (hbk) _c250 |
||
| 024 | _a234,732 | ||
| 037 |
_b421, 28/02/2008, University Book House _cTextual |
||
| 040 |
_aARTS _cARTS _bhin |
||
| 041 |
_2hin _ahin |
||
| 082 | _aO152,3:g, N7-;3 | ||
| 100 |
_aमधुरेश _9158624 |
||
| 245 | 0 |
_aहिन्दी कहानी _b अस्मिता की तलाश |
|
| 246 | _aHindī kahānī: asmitā kī talāsha: kathā sāhitya mean vishvasanīyatā aur mūlyavattā kā sangharṣha | ||
| 260 |
_aपंचकूला _b आधार प्रकाशन _c1997 |
||
| 300 |
_a339पृ. _ccm. |
||
| 942 |
_hO152,3:g, N7-;3 _cTEXL _2CC |
||
| 999 |
_c295798 _d295798 |
||